000 01264nam a2200253Ia 4500
999 _c36331
_d36331
001 2239
003 GE_BSU
005 20190506114207.0
008 181216s2009||||ge |||||||||||||| ||geo||
020 _a9789991406614
040 _cGE_BSU
041 _ageo
080 _a159.9 უ–30
100 _aუზნაძე, დიმიტრი
_9746
245 _aგანწყობის ფსიქოლოგიის ექსპერიმენტული საფუძვლები:
_bგანწყობის თეორიის ძირითადი დებულებები /
_cდიმიტრი უზნაძე ; რედ. შოთა ნადირაშვილი.
246 _aგარეკანზე : განწყობის ფსიქოლოგია.
250 _aმე–4 გამოცემა
264 _aთბილისი :
_bსაქართველოს მაცნე;
_c2009.
300 _a317 გვ.:
_b1ფ. ილ;
_c20 სმ.
653 _aფსიქოლოგია
653 _aგანწყობის ფსიქოლოგია
700 _aნადირაშვილი, შოთა
_eრედაქტორი
_9747
942 _cBK
_2udc